| 000 | 01557 a2200241 4500 | ||
|---|---|---|---|
| 003 | UA-OsUOA | ||
| 005 | 20200904141355.0 | ||
| 008 | 200807b un ||||| |||| 00| 0 ukr d | ||
| 020 | _a9786176521785 | ||
| 040 |
_aUA-OsUOA _bukr _cUA-OsUOA _dUA-OsUOA |
||
| 041 | _aukr | ||
| 080 | _a821.161.2 | ||
| 090 |
_a821.161.2 _bМ 48 |
||
| 100 | _aМельничук Б. | ||
| 245 |
_aДума про кума _bепіграми, пародії, дружні шаржі, дедикації, гратуляції, віншування, послання та інші жартування _cБогдан Мельничук |
||
| 260 |
_bМісто _c2017 _aЧернівці |
||
| 300 |
_a104 с. _eіл. |
||
| 520 | _aУ новій сатирично-гумористичній книзі Богдан Мельничук, відомий український літературознавець і поет, з шанобою та доброзичливою усмішкою пише про діячів нашої культурної ниви, гостро й дотепно викриває болячки сучасного літературного й позалітературного життя. Видання розраховане на широкого читача. | ||
| 650 |
_2UDC _a821 Художня література окремими мовами і мовними сім'ями |
||
| 942 |
_cBK _2udc |
||
| 955 | _a3 | ||
| 999 |
_c460883 _d460883 |
||